[Event "USCF 1999 Absolute-ch corr"]
[Site "USA"]
[Date "2000.??.??"]
[Round "?"]
[White "Cullen, Peter"]
[Black "Brandhorst, Wesley Ted"]
[Result "1/2-1/2"]
[WhiteElo "2335"]
[BlackElo "2396"]
[PlyCount "105"]
[EventDate "2000.??.??"]
[EventType "tourn (corr)"]
[EventRounds "12"]
[EventCountry "USA"]
[SourceTitle "Corr 2006"]
[Source "ChessBase"]
[SourceDate "2006.04.01"]
[SourceVersion "3"]
[SourceVersionDate "2006.04.01"]
[SourceQuality "1"]

1. d4 Nf6 2. Bg5 Ne4 3. Bf4 c5 4. d5 Qb6 5. Bc1 g6 6. f3 Nf6 7. e4 d6 8. c4 Bg7 9. Nc3 0-0 10. Nge2 e6 11. Ng3 exd5 12. cxd5 Nbd7 13. Be2 h5 14. a4 a6 15. a5 Qc7 16. 0-0 Re8 17. Rf2 Rb8 18. Nf1 Ne5 19. Ne3 Qe7 20. Na4 Bd7 21. Qb3 Bxa4 22. Rxa4 Ned7 23. Qc2 Bh6 24. Ra3 Bf4 25. Bd2 Be5 26. Bc3 h4 27. Nc4 Bxc3 28. bxc3 h3 29. g3 Kg7 30. Bf1 Rh8 31. Rb3 Ne5 32. Nxe5 dxe5 33. Qb1 Qc7 34. d6 Qxa5 35. c4 Qd8 36. Rd2 Qc8 37. Qb2 Nd7 38. f4 Qe8 39. Rd5 Qe6 40. Be2 Rhc8 41. g4 b5 42. cxb5 c4 43. Rxh3 Rxb5 44. Qd2 c3 45. f5 cxd2 46. fxe6 Rxd5 47. exd5 fxe6 48. dxe6 Rc1+ 49. Kf2 d1Q 50. Bxd1 Rxd1 51. exd7 Rxd6 52. Ra3 Rxd7 53. Rxa6 1/2-1/2

[Event "USA-ch13 prel 02 corr"]
[Site "USA"]
[Date "1996.06.24"]
[Round "?"]
[White "Cullen, Peter"]
[Black "Sifter, Tom L"]
[Result "1-0"]
[WhiteElo "2245"]
[BlackElo "2061"]
[PlyCount "31"]
[EventDate "1996.??.??"]
[EventType "tourn (corr)"]
[EventRounds "9"]
[EventCountry "USA"]
[SourceTitle "Corr 2006"]
[Source "ChessBase"]
[SourceDate "2006.04.01"]
[SourceVersion "3"]
[SourceVersionDate "2006.04.01"]
[SourceQuality "1"]

1. d4 d5 2. e4 dxe4 3. Nc3 e5 4. Nxe4 f5 5. Bc4 g6 6. Ng5 Nf6 7. N1f3 Nc6 8. d5 e4 9. dxc6 Qxd1+ 10. Kxd1 exf3 11. Re1+ Kd8 12. Nxf3 bxc6 13. Bg5 Kd7 14. Bf4 Bb7 15. Ne5+ Kc8 16. Be6+ 1-0

[Event "USA-ch13 prel 02 corr"]
[Site "USA"]
[Date "1996.06.24"]
[Round "?"]
[White "Shea, Quinlan"]
[Black "Cullen, Peter"]
[Result "1-0"]
[WhiteElo "2210"]
[BlackElo "2245"]
[PlyCount "127"]
[EventDate "1996.??.??"]
[EventType "tourn (corr)"]
[EventRounds "9"]
[EventCountry "USA"]
[SourceTitle "Corr 2006"]
[Source "ChessBase"]
[SourceDate "2006.04.01"]
[SourceVersion "3"]
[SourceVersionDate "2006.04.01"]
[SourceQuality "1"]

1. d4 Nf6 2. c4 c5 3. d5 b5 4. cxb5 a6 5. f3 e6 6. e4 c4 7. Bxc4 Bc5 8. Nc3 Qb6 9. Nge2 axb5 10. Bxb5 0-0 11. Bg5 Ne8 12. Qd3 Nc7 13. Bc4 Nba6 14. dxe6 Bf2+ 15. Kf1 fxe6 16. Be7 Rf7 17. Bd6 Bb7 18. Na4 Qa7 19. Nec3 Bc6 20. g3 Ne8 21. Bf4 Nb4 22. Qd2 Bd4 23. Ne2 Be3 24. Qxb4 g5 25. Nac3 gxf4 26. Nxf4 Rb8 27. Qa3 Qd4 28. Be2 Qd2 29. Rd1 Qxb2 30. Qxb2 Rxb2 31. Ke1 Nc7 32. Rd3 Bxf4 33. gxf4 Rxf4 34. Rd2 Rb4 35. Kf2 d5 36. Rc1 Bb7 37. a3 Rb3 38. Na4 Na6 39. Rc3 Rxc3 40. Nxc3 Nc7 41. Ke3 Rf8 42. Rb2 Ba8 43. a4 Rd8 44. Rb4 Kf7 45. a5 e5 46. exd5 Bxd5 47. Bd3 h6 48. Rb6 Be6 49. Rb7 Rd7 50. a6 Nxa6 51. Bxa6 Rxb7 52. Bxb7 Bf5 53. Bd5+ Kg7 54. Ne4 Bd7 55. Nf2 h5 56. h4 Kf6 57. Ne4+ Ke7 58. Ng3 Be8 59. Kd3 Kd6 60. Kc4 Ke7 61. Kc5 Bg6 62. Bg8 Bc2 63. Nxh5 e4 64. f4 1-0

[Event "USA-ch13 prel 02 corr"]
[Site "USA"]
[Date "1996.06.24"]
[Round "?"]
[White "Wood, Eddie Ray"]
[Black "Cullen, Peter"]
[Result "1/2-1/2"]
[WhiteElo "2045"]
[BlackElo "2245"]
[PlyCount "92"]
[EventDate "1996.??.??"]
[EventType "tourn (corr)"]
[EventRounds "9"]
[EventCountry "USA"]
[SourceTitle "Corr 2006"]
[Source "ChessBase"]
[SourceDate "2006.04.01"]
[SourceVersion "3"]
[SourceVersionDate "2006.04.01"]
[SourceQuality "1"]

1. e4 c5 2. Nf3 d6 3. d4 cxd4 4. Nxd4 Nf6 5. Nc3 g6 6. Be3 Bg7 7. f3 0-0 8. Qd2 Nc6 9. 0-0-0 Nxd4 10. Bxd4 Be6 11. Kb1 Qc7 12. g4 Rfc8 13. h4 Qa5 14. Qg5 Qc7 15. Bd3 a6 16. Qe3 b5 17. g5 Nh5 18. Nd5 Bxd5 19. exd5 Bxd4 20. Qxd4 Qc5 21. Qg4 a5 22. Qd7 Nf4 23. Qxb5 Qa7 24. Qa4 Nxd5 25. Be4 Nb6 26. Qd4 e5 27. Qf2 d5 28. Bxd5 Nxd5 29. Qxa7 Nc3+ 30. bxc3 Rxa7 31. Rhe1 Rxc3 32. Rd8+ Kg7 33. Rxe5 Rxf3 34. Re4 f5 35. gxf6+ Rxf6 36. Kb2 Rc7 37. Rd3 Rb6+ 38. Rb3 Rbc6 39. c3 Rf6 40. Ra3 Rf2+ 41. Kb3 Rf3 42. Kb2 Rb7+ 43. Rb3 Rf2+ 44. Kc1 Rf1+ 45. Kc2 Rf2+ 46. Kc1 Rf1+ 1/2-1/2